000 00360nam a22001577a 4500
003 SGT
020 _a9788131248867
082 _a615.321
_bP17S
100 _aSatoskar, RS
245 _aPharmacology and Pharmacotherapeutics
250 _a25TH
260 _aNEW DELHI
_b Elsevier India
_c2017
300 _a1155
650 _aPharmacology
942 _2ddc
_cBK
999 _c15559
_d15559